Study on political offenses. (Record no. 51450)

MARC details
000 -LEADER
fixed length control field 00776cam a22002171 4500
001 - CONTROL NUMBER
control field pa 61000010
003 - CONTROL NUMBER IDENTIFIER
control field DLC
005 - DATE AND TIME OF LATEST TRANSACTION
control field 20260227111855.0
008 - FIXED-LENGTH DATA ELEMENTS--GENERAL INFORMATION
fixed length control field 780328s1960 dcu i000 0 eng c
010 ## - LIBRARY OF CONGRESS CONTROL NUMBER
LC control number pa 61000010
040 ## - CATALOGING SOURCE
Original cataloging agency Pan American Union. Library
Transcribing agency WMaUCS
Modifying agency DLC
050 00 - LIBRARY OF CONGRESS CALL NUMBER
Classification number KDZ966.P64
Item number I586 1960
082 00 - DEWEY DECIMAL CLASSIFICATION NUMBER
Classification number 364.13
110 2# - MAIN ENTRY--CORPORATE NAME
Corporate name or jurisdiction name as entry element Inter-American Juridical Committee.
245 10 - TITLE STATEMENT
Title Study on political offenses.
Remainder of title Prepared in accordance with Resolution III of the Fourth Meeting of the Inter-American Council of Jurists.
260 ## - PUBLICATION, DISTRIBUTION, ETC.
Place of publication, distribution, etc. Washington,
Name of publisher, distributor, etc. Pan American Union,
Date of publication, distribution, etc. 1960.
300 ## - PHYSICAL DESCRIPTION
Extent 31 p.
Dimensions 28 cm.
490 1# - SERIES STATEMENT
Series statement CIJ-54 (English)
650 #0 - SUBJECT ADDED ENTRY--TOPICAL TERM
Topical term or geographic name entry element Political crimes and offenses
Geographic subdivision America.
810 2# - SERIES ADDED ENTRY--CORPORATE NAME
Corporate name or jurisdiction name as entry element Inter-American Council of Jurists.
Title of a work CIJ, English,
Volume/sequential designation 54.

No items available.

Powered by Koha